Nature, change, and agency in Aristotle's Physics : a philosophical study /

Bibliographic Details
Main Author: Broadie, Sarah
Format: Book
Language:English
Published: Oxford : New York : Clarendon Press ; Oxford University Press, 1982.
Subjects:

MARC

Tag First Indicator Second Indicator Subfields
LEADER 00000pam a2200000 a 4500
001 in00000070040
005 20151008061548.0
008 811023s1982 enk b 00110 eng
010 |a  81018772  
020 |a 0198246536 :  |c $29.95 
035 |a (OCoLC)07946356 
035 |9 AAJ8328AM 
039 0 |a 2  |b 3  |c 3  |d 3  |e 3 
040 |a DLC  |c DLC  |d TXA  |d UtOrBLW 
049 |a TXAM  |c [1443199] 
050 0 0 |a Q151  |b .W37 1982 
082 0 |a 509/.38  |2 19 
100 1 |a Broadie, Sarah. 
245 1 0 |a Nature, change, and agency in Aristotle's Physics :  |b a philosophical study /  |c Sarah Waterlow. 
264 1 |a Oxford :  |b Clarendon Press ;  |a New York :  |b Oxford University Press,  |c 1982. 
300 |a 269 pages ;  |c 22 cm. 
336 |a text  |b txt  |2 rdacontent 
337 |a unmediated  |b n  |2 rdamedia 
338 |a volume  |b nc  |2 rdacarrier 
500 |a Includes index. 
504 |a Bibliography: pages [263]-266. 
600 0 0 |a Aristotle.  |t Physics. 
650 0 |a Science, Ancient. 
650 0 |a Change. 
999 |a MARS 
999 f f |s 1435f84b-3cb8-39af-9e09-cfc9ace92034  |i 4ea3895a-2314-3f01-b78f-3dc321764061  |t 0 
952 f f |p ric  |a Texas A&M University  |b Rellis Campus  |c Joint Library Facility  |d Remote Storage  |t 0  |e Q151 .W37 1982  |h Library of Congress classification  |i unmediated -- volume  |m A14806199113 
998 f f |a Q151 .W37 1982  |t 0  |l Remote Storage